000 00284nam a2200109Ia 4500
005 20251222155202.0
008 251222s9999||||xx |||||||||||||| ||spa||
082 _aREL.165.1-2/Ej.2
245 0 _aSeƱor de los Milagros canciones,novelas, plegarias.
264 _bNo tiene
942 _cLIB
999 _c39973
_d39973